000 00564nam a2200205 a 4500
001 000009430
005 20200929161606.0
008 851003s1984 cu 000 1 spa
010 _a85212337
040 _aDO-SdBNP
_bspa
_dBNPHU
082 _aCu863.44
_bA779c
100 1 _aArrufat, Anton,
_d1935-
_922374
245 1 3 _aLa caja esta cerrada /
_cAnton Arrufat.
260 _aLa Habana :
_bLetras Cubanas,
_c1984.
300 _a701 p. ;
_c20 cm.
490 1 _aOcuje
650 4 _aNovela cubana
_92316
650 4 _aLiteratura cubana
_91483
830 0 _aOcuje
_924224
999 _c9190
_d9190